000 00490nam a2200181Ia 4500
003 GCL
008 140319s9999 xx 000 0 ara d
040 _aGCL /
_cGCL
082 0 4 _a813..873
_bا ك
100 1 _aاحمد حجى
245 1 0 _aالكلمات والبارود /
_cاحمد حجى
300 _a85 ص
490 _aادب الجماهير
_v0
650 0 4 _aقصص البطولات
650 0 4 _aاداب الحرب
650 0 4 _aحرب اكتوبر 1973
942 _2ddc
_cBK
999 _c40104
_d40104